Courts on military law / (Record no. 94099)

MARC details
000 -LEADER
fixed length control field 00703nam a22002297a 4500
005 - DATE AND TIME OF LATEST TRANSACTION
control field 20150729125301.0
010 ## - LCCN (DPL NO)
LC control number ENG-113231
020 ## - INTERNATIONAL STANDARD BOOK NUMBER
International Standard Book Number 9788184502824
Terms of availability 900.00
035 ## - SYSTEM CONTROL NUMBER
System control number EN-96763
037 ## - SOURCE OF ACQUISITION
Source of stock number/acquisition DBAD/PUB
082 ## - DEWEY DECIMAL CLASSIFICATION NUMBER
Classification number 343.5401
100 ## - MAIN ENTRY--PERSONAL NAME
Personal name Sharma, G.K.
245 ## - TITLE STATEMENT
Title Courts on military law /
Statement of responsibility, etc by G.K. Sharma [and] M.S. Jaswal ; foreworded by Vinod K. Gupta
250 ## - EDITION STATEMENT
Edition statement 2nd rev. & enl.ed
260 ## - PUBLICATION, DISTRIBUTION, ETC. (IMPRINT)
Place of publication, distribution, etc New Delhi
Name of publisher, distributor, etc Deep & Deep Publications
Date of publication, distribution, etc 2010
270 ## - ADDRESS
Address F-159, Rajouri Garden,
City New Delhi
Postal code 110027
300 ## - PHYSICAL DESCRIPTION
Extent xx,1165p.
Dimensions 25cm(Hb)
500 ## - GENERAL NOTE
General note Includes index
700 ## - ADDED ENTRY--PERSONAL NAME
Personal name Jaswal, M.S.
700 ## - ADDED ENTRY--PERSONAL NAME
Personal name Gupta, Vinod K.
942 ## - ADDED ENTRY ELEMENTS (KOHA)
Source of classification or shelving scheme Dewey Decimal Classification
Item type English Books
Call number suffix SHA
Classification part 343.5401
Holdings
Withdrawn status Lost status Not for loan Collection code Home library Current library Date acquired Source of acquisition Cost, normal purchase price Full call number Barcode Copy number Cost, replacement price Koha item type
    Not For Loan Non-fiction D.B.Act.Division D.B.Act.Division 05/06/2015 DBAD/PUB 900.00 343.5401 SHA EN-96763 1 900.00 English Books

© Delhi Public Library
Hit Counter
free hit counter